000 00605nam a2200193Ia 4500
003 IN-BaIIA
008 211028s9999 xx 000 0 eng d
020 _a0-7876-0961-7
040 _cIIA Library
080 _a92:3+5
_bSAA-2
245 0 _aScientists
_bthe lives and works of 150 scientists, vol. 2, G - O
_cedited by P. Saari and S. Allison
260 _aU.S.A
_bU.X.L
_c1996
300 _alv, 363 - 715p.
650 _aPhysical Scientists - Biography
_925038
650 _aSocial Scientists - Biography
_925039
700 _aAllison, S., ed.
_925040
700 _aSaari, P., ed.
_925041
942 _cBK
999 _c14201
_d14201